LEADER 00943nam0-22003011i-450- 001 990004344860403321 005 20131113105251.0 035 $a000434486 035 $aFED01000434486 035 $a(Aleph)000434486FED01 035 $a000434486 100 $a19990604d1976----km-y0itay50------ba 101 0 $aita 105 $ay-------001yy 200 1 $aKautsky e la rivoluzione socialista$e1880-1938$fMassimo L. Salvadori 210 $aMilano$cFeltrinelli$d1976 215 $a349 p.$d23 cm 225 1 $a<>fatti e le idee$dBiblioteca di storia contemporanea$iTesti e saggi$v09 225 1 $a<>fatti e le idee$v352 676 $a335.4092$v21$zita 700 1$aSalvadori,$bMassimo L.$f<1936- >$0123274 801 0$aIT$bUNINA$gRICA$2UNIMARC 901 $aBK 912 $a990004344860403321 952 $a335.4 SAL 4$bI.st.r.c.1871$fFLFBC 959 $aFLFBC 996 $aKautsky e la rivoluzione socialista$9486484 997 $aUNINA LEADER 00786nam--2200301---450- 001 990003509720203316 005 20110304150605.0 035 $a000350972 035 $aUSA01000350972 035 $a(ALEPH)000350972USA01 035 $a000350972 100 $a20110304d--------km-y0itay50------ba 101 $aita 102 $aIT 105 $aa---||||001yy 200 1 $aEmocoagulazione & fibrinolisi 210 $a[Milano]$cs.n.$ds.d. 215 $a91 p.$d24 cm 606 0 $aCoagulazione$2BNCF 676 $a573.159 801 0$aIT$bsalbc$gISBD 912 $a990003509720203316 951 $aFDC MISC 5/151$b1205 Med.$cFDC MISC 959 $aBK 969 $aMED 979 $aMANCUSO$b90$c20110304$lUSA01$h1506 996 $aEmocoagulazione & fibrinolisi$91114306 997 $aUNISA